PHYSICAL PHARMACEUTICS -I (Record no. 1219654)

MARC details
000 -LEADER
fixed length control field 00421nam a2200169Ia 4500
008 - FIXED-LENGTH DATA ELEMENTS--GENERAL INFORMATION
fixed length control field 260407s2024 xx 000 0 und d
041 ## - LANGUAGE CODE
Language code of text/sound track or separate title eng
082 ## - DEWEY DECIMAL CLASSIFICATION NUMBER
Classification number 615.4/GUD
Item number 12162
100 ## - MAIN ENTRY--PERSONAL NAME
Personal name DR. G.K.GUDAS
245 ## - TITLE STATEMENT
Title PHYSICAL PHARMACEUTICS -I
250 ## - EDITION STATEMENT
Edition statement 3RD
260 ## - PUBLICATION, DISTRIBUTION, ETC.
Place of publication, distribution, etc. PUNE
Name of publisher, distributor, etc. TECHNICAL PUB
Date of publication, distribution, etc. 2024
300 ## - PHYSICAL DESCRIPTION
Extent 5.16p
650 ## - SUBJECT ADDED ENTRY--TOPICAL TERM
Topical term or geographic name entry element PHARMACEUTICS
650 ## - SUBJECT ADDED ENTRY--TOPICAL TERM
Topical term or geographic name entry element PHYSICAL PHARMACEUTICS -I
700 ## - ADDED ENTRY--PERSONAL NAME
Personal name B. NAGARANI
Holdings
Withdrawn status Lost status Damaged status Not for loan Home library Current library Date acquired Cost, normal purchase price Total Checkouts Full call number Barcode Date last seen Price effective from Koha item type
        College of Pharmacy, Kolhapur College of Pharmacy, Kolhapur 08/04/2026 250.00   615.4/GUD/12162 PCK-12162 08/04/2026 08/04/2026 Book